Highest Scoring NHLers - Statistics

General Stats
  • This quiz has been taken 207 times
  • The average score is 9 of 15
Answer Stats
Points Player % Correct
2,857 Wayne Gretzky
98%
1,748 * Jaromir Jagr
94%
1,850 Gordie Howe
91%
1,723 Mario Lemieux
82%
1,887 Mark Messier
79%
1,755 Steve Yzerman
67%
1,771 Marcel Dionne
64%
1,641 Joe Sakic
62%
1,590 Phil Esposito
58%
1,579 Ray Bourque
49%
1,455* Teemu Selanne
48%
1,798 Ron Francis
47%
1,531 Paul Coffey
43%
1,467 Stan Mikita
23%
1,533 Mark Recchi
21%
No matching quizzes found
Score Distribution
Percent of People with Each Score
Percentile by Number Answered
Your Score History
You have not taken this quiz